El peso de una vocación que nos envía a las fronteras (Record no. 847968)
[ view plain ]
| 000 -CABECERA | |
|---|---|
| Campo de control de longitud fija | 00482nab a2200145 4500 |
| 003 - IDENTIFICADOR DEL NÚMERO DE CONTROL | |
| Campo de control | ES-SlBCS |
| 005 - FECHA Y HORA DE LA ÚLTIMA TRANSACCIÓN | |
| Campo de control | 20220203142250.0 |
| 008 - CÓDIGOS DE INFORMACIÓN DE LONGITUD FIJA | |
| Campo de control de longitud fija | 140723s2014 sp ||||| |||| 00| 0 spa d |
| 040 ## - FUENTE DE LA CATALOGACIÓN | |
| Centro catalogador del origen | ES-SlBCS |
| Lengua de catalogación | spa |
| 100 10 - PUNTO DE ACCESO PRINCIPAL-NOMBRE DE PERSONA | |
| Nombre de persona | Álvarez de los Mozos, Patxi |
| 9 (RLIN) | 70697 |
| 245 13 - MENCIÓN DE TÍTULO | |
| Título | El peso de una vocación que nos envía a las fronteras |
| Mención de responsabilidad, etc. | Patxi Álvarez de los Mozos |
| 650 04 - PUNTO DE ACCESO ADICIONAL DE MATERIA-TÉRMINO DE MATERIA | |
| Término de materia o nombre geográfico como elemento inicial | Misiones |
| 9 (RLIN) | 14436 |
| 773 0# - ENLACE AL DOCUMENTO FUENTE | |
| Parte(s) relacionada(s) | Vol. 86, Nº 340, 2014, págs. 241-250 |
| Título | Manresa |
| Número de control del registro relacionado | Rev265 |
| Número Internacional Normalizado para Publicaciones Seriadas (ISSN) | 0214-2457 |
| 942 ## - ENTRADA DE ELEMENTOS AGREGADOS (KOHA) | |
| Fuente de clasificaión o esquema | |
| Koha [por defecto] tipo de item | Artículos de revista |
| Suprimido | Perdido | Fuente de clasificación o esquema | Estropeado | No para préstamo | Localización permanente | Localización actual | Localización en estantería | Fecha adquisición | Préstamos totales | Fecha última consulta | Fecha del precio de reemplazo | Tipo de item de Koha |
|---|---|---|---|---|---|---|---|---|---|---|---|---|
| San Esteban | San Esteban | Depósito de revistas | 23/07/2014 | 23/07/2014 | 23/07/2014 | Artículos de revista |
